000
00293nam a22001337a 4500
003
SGT
020
_a
9788499361277
082
_a
747
_b
HAU
100
_a
HAUSMANN JOSE LUIS
245
_a
INTERIOR DESIGN INSPIRATION 3
260
_a
SPAIN
_b
LOFT PUB
_c
2012
300
_a
594
942
_2
ddc
_c
BK
999
_c
34376
_d
34376